| 000 | 00461nam a2200181Ia 4500 | ||
|---|---|---|---|
| 008 | 180207s9999 xx 000 0 und d | ||
| 020 | _a9780333437155 | ||
| 050 | _bY46 1968 | ||
| 100 | _aYeoman, John | ||
| 245 | 4 | _aThe bear's winter house / | |
| 245 | _cby John Yeoman and Quentin Blake. | ||
| 260 | _aLondon : | ||
| 260 | _bMacmillan Children's Books, | ||
| 260 | _c1969 | ||
| 300 | _aunpaged : | ||
| 300 | _bcolor illustration ; | ||
| 300 | _c25cm. | ||
| 999 |
_c355486 _d355486 |
||